[Event "41st Pan-American U20"]
[Site "Guatape COL"]
[Date "2016.06.21"]
[Round "3.19"]
[White "Rengifo Blancas, Renzo Jhonath"]
[Black "Calero, Hector Andres"]
[Result "1-0"]
[WhiteElo "2140"]
[BlackElo "1845"]
[EventDate "2016.06.20"]
[PlyCount "169"]

1.e4 c5 2.c3 d5 3.exd5 Nf6 4.d4 Nxd5 5.dxc5 e6 6.Nf3 Bxc5 7.Bd3 Nd7 8.O-O 
O-O 9.b4 Be7 10.Qc2 N7f6 11.a3 Qc7 12.c4 Nf4 13.Bxf4 Qxf4 14.Nbd2 b6 15.
Rfe1 Bb7 16.Ne5 Bd6 17.g3 Qh6 18.Nef3 Rfd8 19.Ne4 Be7 20.Rad1 Qh5 21.Nxf6+
Bxf6 22.Be4 Bxe4 23.Qxe4 Qg6 24.Qe3 Qc2 25.Rc1 Qd3 26.Ne5 Qxe3 27.Rxe3 
Bxe5 28.Rxe5 Rd3 29.a4 Ra3 30.a5 bxa5 31.Rxa5 Rb3 32.b5 g6 33.Rca1 Rc8 34.
R1a4 Rc3 35.Rxa7 R8xc4 36.Rxc4 Rxc4 37.b6 Rb4 38.Rb7 Kg7 39.Kf1 Rb2 40.Kg2
Kf6 41.Kf3 Ke5 42.Rxf7 Rxb6 43.Rxh7 Kf6 44.Rd7 Rb4 45.h4 Ra4 46.Rd3 Kf5 
47.Re3 Rb4 48.Ra3 e5 49.Ke3 Rb1 50.Rd3 Re1+ 51.Kd2 Ra1 52.Rf3+ Ke6 53.Rf8 
Ra3 54.Ke2 Ke7 55.Rf3 Ra2+ 56.Kf1 Ra4 57.Kg2 Ke6 58.Kh3 Ra1 59.Kg4 Ra5 60.
Rb3 Kf6 61.Rb6+ Kf7 62.Kg5 e4+ 63.Kf4 Ra2 64.Ke3 Ra4 65.Rd6 Ra2 66.Rd4 Kf6
67.Rxe4 Kf7 68.Rf4+ Kg7 69.Kf3 Ra5 70.Kg4 Rb5 71.Rc4 Ra5 72.Rc7+ Kf6 73.
Rc6+ Kg7 74.Re6 Kf7 75.Re4 Kf6 76.f4 Rb5 77.Re5 Rb3 78.Ra5 Rc3 79.h5 gxh5+
80.Rxh5 Ra3 81.Rh6+ Kg7 82.Rb6 Rc3 83.f5 Ra3 84.Kf4 Ra4+ 85.Kg5 1-0

[Event "41st Pan-American U20"]
[Site "Guatape COL"]
[Date "2016.06.21"]
[Round "3.20"]
[White "Yepez, Yeison Alexander"]
[Black "Quinonez Garcia, Santiago"]
[Result "0-1"]
[WhiteElo "1968"]
[BlackElo "2125"]
[EventDate "2016.06.20"]
[PlyCount "28"]

1.d4 Nf6 2.c4 g6 3.Nc3 d5 4.Nf3 Bg7 5.Qb3 dxc4 6.Qxc4 O-O 7.e4 Na6 8.Be2 
c5 9.d5 e6 10.O-O exd5 11.exd5 Bf5 12.a3 Re8 13.Bf4 Ne4 14.Nb5 Bxb2 0-1

[Event "41st Pan-American U20"]
[Site "Guatape COL"]
[Date "2016.06.21"]
[Round "3.21"]
[White "Cotto Mux, Hector Vinicio"]
[Black "Zapata Arbelaez, Estiven"]
[Result "1/2-1/2"]
[WhiteElo "1939"]
[BlackElo "2102"]
[EventDate "2016.06.20"]
[PlyCount "59"]

1.d4 d5 2.Nf3 Nf6 3.g3 c6 4.Bg2 Bf5 5.O-O e6 6.Nbd2 h6 7.b3 Bd6 8.Bb2 Nbd7
9.c4 O-O 10.Rc1 Qe7 11.Re1 Ba3 12.Bxa3 Qxa3 13.Ra1 Ne4 14.Qc1 Qd6 15.Qb2 
b5 16.cxb5 cxb5 17.Rac1 Rac8 18.Nh4 b4 19.Nxf5 exf5 20.Nxe4 fxe4 21.Bh3 e3
22.f3 g6 23.Rxc8 Rxc8 24.Rc1 Rc6 25.Rxc6 Qxc6 26.Bxd7 Qxd7 27.Qc1 Qe6 28.
Qc7 Qa6 29.Qb8+ Kh7 30.Qf4 1/2-1/2

[Event "41st Pan-American U20"]
[Site "Guatape COL"]
[Date "2016.06.21"]
[Round "3.23"]
[White "Acevedo Del Rio, Andres F"]
[Black "Castano Orrego, Simon"]
[Result "1-0"]
[WhiteElo "1835"]
[BlackElo "1687"]
[EventDate "2016.06.20"]
[PlyCount "53"]

1.d4 Nf6 2.c4 g6 3.Nc3 Bg7 4.e4 O-O 5.Nf3 d6 6.Be2 e5 7.dxe5 dxe5 8.Qxd8 
Rxd8 9.Bg5 Re8 10.O-O c6 11.Rfd1 Be6 12.Nxe5 Nxe4 13.Nxe4 Bxe5 14.Nd6 Bxd6
15.Rxd6 Nd7 16.Rad1 f6 17.Be3 Kf7 18.Rxd7+ Bxd7 19.Rxd7+ Re7 20.Rd3 f5 21.
Bf1 Ke6 22.Ra3 a6 23.Bc5 Rd7 24.Re3+ Kf7 25.g4 fxg4 26.h3 Rd1 27.hxg4 1-0

[Event "41st Pan-American U20"]
[Site "Guatape COL"]
[Date "2016.06.21"]
[Round "3.24"]
[White "Fernandez, Nelson Wilfredo"]
[Black "Norena Marin, Jeronimo"]
[Result "1-0"]
[WhiteElo "1814"]
[BlackElo "1514"]
[EventDate "2016.06.20"]
[PlyCount "53"]

1.e4 e5 2.Nf3 Nf6 3.Nxe5 d6 4.Nf3 Nxe4 5.Nc3 Bf5 6.Bc4 Be7 7.O-O O-O 8.Nd5
c6 9.Nxe7+ Qxe7 10.d3 Nc5 11.Re1 Qd7 12.d4 Nca6 13.c3 b5 14.Bb3 c5 15.dxc5
Nxc5 16.Bd5 Nb7 17.Nd4 Bg6 18.Bg5 Na6 19.Re7 Qd8 20.Rxf7 Qxg5 21.Rf5+ Bf7 
22.Bxf7+ Rxf7 23.Rxg5 Raf8 24.Qg4 Rxf2 25.Rxg7+ Kh8 26.Rxb7 Rxb2 27.Qg7# 
1-0

[Event "41st Pan-American U20"]
[Site "Guatape COL"]
[Date "2016.06.21"]
[Round "3.25"]
[White "Echeverry, Jose Miguel"]
[Black "Lopez Gonzalez, Carlos Andres"]
[Result "1-0"]
[WhiteElo "1807"]
[BlackElo "1482"]
[EventDate "2016.06.20"]
[PlyCount "63"]

1.e4 c5 2.Nf3 d6 3.d4 cxd4 4.Nxd4 Nf6 5.Nc3 e6 6.Bg5 Be7 7.Qe2 O-O 8.h4 
Bd7 9.O-O-O h6 10.Be3 a6 11.g4 Nh7 12.g5 g6 13.f4 Nc6 14.h5 Nxd4 15.Rxd4 
Qc7 16.hxg6 fxg6 17.Rxh6 Rf7 18.Rxg6+ Rg7 19.Qh5 Bf8 20.f5 Be8 21.Rxg7+ 
Bxg7 22.g6 Nf6 23.Qh4 Rc8 24.Bc4 d5 25.exd5 exd5 26.Bb3 Qe5 27.Qf4 Qxf4 
28.Bxf4 Bc6 29.Nxd5 Nxd5 30.Bxd5+ Bxd5 31.Rxd5 Re8 32.Bg5 1-0

[Event "41st Pan-American U20"]
[Site "Guatape COL"]
[Date "2016.06.22"]
[Round "4.2"]
[White "Albornoz Cabrera, Carlos Danie"]
[Black "Vasquez, Guillermo"]
[Result "1/2-1/2"]
[WhiteElo "2471"]
[BlackElo "2401"]
[EventDate "2016.06.20"]
[PlyCount "100"]

1.Nf3 Nf6 2.c4 e6 3.Nc3 d5 4.d4 dxc4 5.e3 a6 6.a4 c5 7.Bxc4 Nc6 8.O-O Be7 
9.Qe2 cxd4 10.Rd1 e5 11.exd4 exd4 12.Nxd4 Nxd4 13.Qe5 Qd6 14.Qxd4 Qxd4 15.
Rxd4 Bc5 16.Rd1 O-O 17.Bg5 Be6 18.Bxe6 fxe6 19.Bxf6 gxf6 20.Rd7 Rf7 21.
Rad1 Raf8 22.Ne4 Bb4 23.g4 Rxd7 24.Rxd7 Rf7 25.Rd8+ Kg7 26.Ng3 f5 27.h3 
Kf6 28.Nh5+ Ke5 29.Kg2 Rc7 30.Rd3 Rc2 31.Re3+ Kd6 32.Nf4 Rc4 33.Nxe6 fxg4 
34.h4 Bd2 35.Re2 Rxa4 36.Nf8 Bc1 37.Nxh7 Rb4 38.h5 Rxb2 39.Re4 Rb5 40.Nf6 
Rf5 41.Ne8+ Kd7 42.Ng7 Rf7 43.Ne6 Re7 44.Nc5+ Kd6 45.Rxe7 Kxe7 46.Nxb7 Bf4
47.f3 g3 48.h6 Kf7 49.h7 Kg7 50.Nc5 Kxh7 1/2-1/2

[Event "41st Pan-American U20"]
[Site "Guatape COL"]
[Date "2016.06.22"]
[Round "4.3"]
[White "Nieto Rodriguez, Alejandro"]
[Black "Cori Quispe, Kevin Joel"]
[Result "0-1"]
[WhiteElo "2203"]
[BlackElo "2353"]
[EventDate "2016.06.20"]
[PlyCount "87"]

1.c4 e5 2.Nc3 c5 3.g3 Nc6 4.Bg2 g6 5.a3 a5 6.e3 Bg7 7.Nge2 Nge7 8.O-O O-O 
9.d3 d6 10.Qb3 Rb8 11.Bd2 Bf5 12.e4 Bd7 13.Nb5 Be6 14.Nec3 f5 15.Nd5 Bf7 
16.Qa4 Qd7 17.Nxe7+ Qxe7 18.b4 axb4 19.axb4 f4 20.f3 h5 21.bxc5 dxc5 22.
gxf4 exf4 23.Bxf4 Rbd8 24.Rad1 Nb4 25.Qb3 Qd7 26.Qb1 Nxd3 27.Bd6 Bxc4 28.
Rxd3 Qxb5 29.Qxb5 Bxb5 30.Rd5 Bd4+ 31.Rf2 Rfe8 32.Rxd4 cxd4 33.Bb4 d3 34.
Rd2 Rd4 35.Bc3 Ra4 36.Bh3 Re7 37.Kf2 Rc7 38.Be6+ Kh7 39.Bb2 Rc2 40.Ke3 Rb4
41.Rxc2 dxc2 42.Bc1 Bc4 43.Bd7 Rb3+ 44.Kd4 0-1

[Event "41st Pan-American U20"]
[Site "Guatape COL"]
[Date "2016.06.22"]
[Round "4.4"]
[White "Cofre Archibold, Nestor"]
[Black "Santiago Vilca, Christian Amil"]
[Result "0-1"]
[WhiteElo "2215"]
[BlackElo "2269"]
[EventDate "2016.06.20"]
[PlyCount "120"]

1.c4 Nf6 2.g3 g6 3.Bg2 Bg7 4.Nc3 O-O 5.Nf3 d6 6.O-O Nc6 7.d3 e5 8.Rb1 a5 
9.a3 Nd4 10.e3 Nxf3+ 11.Bxf3 c6 12.d4 Bf5 13.e4 Bh3 14.Bg2 Bxg2 15.Kxg2 
exd4 16.Qxd4 Re8 17.Qd3 Ng4 18.f4 Qe7 19.h3 Nf6 20.Re1 Nd7 21.Bd2 a4 22.
Qf1 f6 23.Rbd1 Qf7 24.Be3 Bf8 25.Bd4 f5 26.Qd3 c5 27.Bf2 Nb6 28.Nd5 fxe4 
29.Rxe4 Nxd5 30.cxd5 Rxe4 31.Qxe4 Bg7 32.Qc2 b5 33.Be3 Re8 34.Bc1 Bd4 35.
Rf1 Qxd5+ 36.Kh2 Re4 37.g4 Qe6 38.Kg3 h6 39.Rf3 Kg7 40.Qd3 c4 41.Qd2 Bf6 
42.Qa5 Qe7 43.Bd2 Re2 44.Bc3 Bxc3 45.Qxc3+ Qf6 46.Qa5 g5 47.Qa7+ Re7 48.
Qf2 Re4 49.Qa7+ Qe7 50.Qa5 gxf4+ 51.Rxf4 Re3+ 52.Kf2 Rxh3 53.Kg2 Rb3 54.
Rf2 Qe4+ 55.Kh2 Qe5+ 56.Kg1 Qg3+ 57.Kf1 Qh3+ 58.Ke1 Qh1+ 59.Rf1 Qe4+ 60.
Kd1 Qb1+ 0-1

[Event "41st Pan-American U20"]
[Site "Guatape COL"]
[Date "2016.06.22"]
[Round "4.5"]
[White "Ruiz Castillo, Joshua Daniel"]
[Black "Oliva Meneses, Juan Carlos"]
[Result "1-0"]
[WhiteElo "2399"]
[BlackElo "2216"]
[EventDate "2016.06.20"]
[PlyCount "121"]

1.e4 e6 2.d4 d5 3.Nc3 Bb4 4.e5 c5 5.a3 Bxc3+ 6.bxc3 Qa5 7.Bd2 Qa4 8.Qb1 c4
9.h4 Nc6 10.h5 Bd7 11.h6 Nxh6 12.Bxh6 gxh6 13.Ne2 O-O-O 14.Rxh6 Rdg8 15.
Rf6 Be8 16.g3 h5 17.Bh3 Kb8 18.Kf1 Rh7 19.Nf4 Qa5 20.Qb2 Rgh8 21.Ne2 Rh6 
22.Rxh6 Rxh6 23.Qc1 Rg6 24.Qd2 Qd8 25.Nf4 Qg5 26.Qe3 Rg8 27.Ke2 Ne7 28.Rh1
Ba4 29.Kd2 Nf5 30.Qf3 h4 31.g4 Nh6 32.Rg1 Rc8 33.Qe3 Rg8 34.Ng2 Qg6 35.Ne1
Nf5 36.Qf4 Ne7 37.Qf6 Qxf6 38.exf6 Ng6 39.Ke3 Kc7 40.f4 Kb6 41.g5 Ka5 42.
f5 exf5 43.Bxf5 Be8 44.Nf3 Ka4 45.Bxg6 Rxg6 46.Nxh4 Rg8 47.Nf3 Kxa3 48.
Ra1+ Kb2 49.Rxa7 Kxc2 50.Rxb7 Kxc3 51.Rb8 Kc2 52.Ne5 c3 53.Nd3 Kd1 54.Ra8 
Kc2 55.Nb4+ Kb3 56.Rb8 c2 57.Nd3+ Kc3 58.Rc8+ Kb3 59.Kd2 Rh8 60.Rb8+ Kc4 
61.Rb4# 1-0

[Event "41st Pan-American U20"]
[Site "Guatape COL"]
[Date "2016.06.22"]
[Round "4.6"]
[White "Husbands, Orlando"]
[Black "Acosta, Pablo Ismael"]
[Result "0-1"]
[WhiteElo "2233"]
[BlackElo "2380"]
[EventDate "2016.06.20"]
[PlyCount "72"]

1.e4 c5 2.Nf3 e6 3.d4 cxd4 4.Nxd4 a6 5.Bd3 Bc5 6.Nb3 Be7 7.O-O d6 8.Qe2 
Nd7 9.c4 Ngf6 10.Nc3 b6 11.f4 Bb7 12.Bd2 Qc7 13.Rae1 Rd8 14.g4 g6 15.Nd4 
O-O 16.g5 Nh5 17.f5 Qc5 18.f6 Bxf6 19.gxf6 Qxd4+ 20.Be3 Qe5 21.Qf2 Nhxf6 
22.Bf4 Ng4 23.Qg3 Qd4+ 24.Kh1 Nde5 25.Bc2 f5 26.h3 Nf6 27.Be3 Nxe4 28.Bxe4
Bxe4+ 29.Kh2 Qxc4 30.Bh6 Rf7 31.Qh4 Rc8 32.b3 Qxc3 33.Rc1 Qb2+ 34.Rf2 Nf3+
35.Kg3 Qe5+ 36.Bf4 Rxc1 0-1

[Event "41st Pan-American U20"]
[Site "Guatape COL"]
[Date "2016.06.22"]
[Round "4.7"]
[White "Quinonez Garcia, Santiago"]
[Black "Ampie, Mauro"]
[Result "0-1"]
[WhiteElo "2125"]
[BlackElo "2373"]
[EventDate "2016.06.20"]
[PlyCount "98"]

1.e4 c5 2.Nf3 e6 3.c3 d5 4.exd5 Qxd5 5.d4 Nf6 6.Be3 cxd4 7.cxd4 Be7 8.Nc3 
Qd8 9.Bd3 O-O 10.O-O b6 11.Qe2 Bb7 12.Rad1 Nbd7 13.Rfe1 Nd5 14.Bc1 N7f6 
15.Ne5 Rc8 16.Ne4 Nb4 17.Nxf6+ Bxf6 18.Bb1 Qd5 19.f3 Ba6 20.Qf2 Rfd8 21.
Bf4 Qb7 22.a3 Nd5 23.Bg3 Qe7 24.Ng4 Bb7 25.Nxf6+ Nxf6 26.Be5 Bd5 27.Qh4 h6
28.f4 Kf8 29.Re3 Rc6 30.Bd3 Rdc8 31.Ba6 Rc1 32.Qe1 Rxd1 33.Qxd1 Bb7 34.
Bxb7 Qxb7 35.f5 Qd5 36.fxe6 fxe6 37.Qf1 Ke7 38.Rg3 Nh5 39.Rf3 Nf6 40.h3 
Rc2 41.Qd3 Rc1+ 42.Kh2 Ne4 43.Qa6 Qd7 44.Bxg7 h5 45.Qe2 Qd5 46.Rf4 Rh1+ 
47.Kxh1 Ng3+ 48.Kh2 Nxe2 49.Rf2 Nxd4 0-1

[Event "41st Pan-American U20"]
[Site "Guatape COL"]
[Date "2016.06.22"]
[Round "4.8"]
[White "Campos Jimenez, Augusto Cesar"]
[Black "Gonzalez Lopez, Nicolas Mateo"]
[Result "0-1"]
[WhiteElo "2337"]
[BlackElo "2100"]
[EventDate "2016.06.20"]
[PlyCount "100"]

1.Nf3 Nf6 2.g3 g6 3.Bg2 Bg7 4.d4 O-O 5.c4 d6 6.Nc3 Nbd7 7.O-O e5 8.e4 a5 
9.h3 Re8 10.Re1 c6 11.Be3 exd4 12.Nxd4 Nc5 13.Qc2 Qe7 14.Bf4 Nfd7 15.Rad1 
Ne5 16.b3 a4 17.Be3 axb3 18.axb3 Na6 19.Na2 Nc5 20.b4 Ncd3 21.Re2 c5 22.
bxc5 dxc5 23.Nb3 Nb2 24.Bxc5 Qc7 25.Qxb2 Nf3+ 26.Bxf3 Bxb2 27.Rxb2 b6 28.
Bd4 Qxc4 29.Nc3 Be6 30.Rc1 Qb4 31.Nd5 Bxd5 32.exd5 Ra3 33.Bc3 Qc4 34.Nd2 
Rxc3 35.Nxc4 Rxc1+ 36.Kg2 Rxc4 37.Rxb6 Rd4 38.g4 Re7 39.Rb8+ Kg7 40.Rd8 
Ra7 41.g5 Ra2 42.Kg3 Ra3 43.Kg2 Rd2 44.h4 Raa2 45.d6 Rxf2+ 46.Kg3 Rfd2 47.
Bg4 Rd3+ 48.Kf4 Ra4+ 49.Ke5 Rxg4 50.d7 Rgd4 0-1

[Event "41st Pan-American U20"]
[Site "Guatape COL"]
[Date "2016.06.22"]
[Round "4.9"]
[White "Jimenez Garcia, Emmanuel"]
[Black "Escalante Ramirez, Brian Sebas"]
[Result "1-0"]
[WhiteElo "2218"]
[BlackElo "2300"]
[EventDate "2016.06.20"]
[PlyCount "95"]

1.c4 e5 2.g3 Nc6 3.Bg2 Bc5 4.a3 a5 5.e3 Nge7 6.Nc3 d6 7.Nge2 Bf5 8.d4 exd4
9.exd4 Ba7 10.h3 Qd7 11.Be3 O-O 12.Qd2 Bg6 13.h4 h5 14.O-O Nf5 15.b4 Rae8 
16.Kh2 Nxe3 17.fxe3 Bf5 18.Nf4 Bg4 19.Ncd5 Ne7 20.bxa5 Nf5 21.Rfe1 c6 22.
Nb6 Qd8 23.e4 Nh6 24.Rab1 Bb8 25.Kg1 Bc7 26.d5 Kh7 27.Nd3 cxd5 28.cxd5 Kg8
29.Nc4 Bc8 30.Nf2 Qf6 31.e5 dxe5 32.d6 Be6 33.Ne4 Qd8 34.dxc7 Qxc7 35.Ncd6
Rb8 36.Rec1 Qe7 37.Rxb7 Rxb7 38.Nxb7 Qxa3 39.Qc3 Qa2 40.Nf2 Rc8 41.Qa1 
Rxc1+ 42.Qxc1 Nf5 43.Ne4 Nd4 44.Qg5 Bh3 45.Qd8+ Kh7 46.Ng5+ Kg6 47.Nxh3 
Ne2+ 48.Kh2 1-0

[Event "41st Pan-American U20"]
[Site "Guatape COL"]
[Date "2016.06.22"]
[Round "4.10"]
[White "Barros Rivadeneira, Cristhian"]
[Black "Rengifo Blancas, Renzo Jhonath"]
[Result "1-0"]
[WhiteElo "2283"]
[BlackElo "2140"]
[EventDate "2016.06.20"]
[PlyCount "107"]

1.e4 e5 2.Nf3 Nc6 3.Bb5 g6 4.c3 Nge7 5.O-O Bg7 6.d4 exd4 7.cxd4 d5 8.exd5 
Nxd5 9.Re1+ Be6 10.Bg5 Qd6 11.Nbd2 O-O 12.Ne4 Qb4 13.Bxc6 bxc6 14.Qc1 Rab8
15.b3 Qb5 16.Bh6 Nb4 17.Bxg7 Kxg7 18.Nc5 Nd3 19.Nxd3 Qxd3 20.Qxc6 Bg4 21.
Ne5 Qxd4 22.Rac1 Be6 23.Nf3 Qb2 24.Rc2 Qf6 25.Qa6 Rb4 26.Rxc7 Rb6 27.Qa5 
Rd6 28.Qxa7 Bd5 29.Qd4 Bxf3 30.Qxf6+ Rxf6 31.gxf3 Ra8 32.a4 Rxf3 33.Re3 
Rf4 34.Rb7 Ra5 35.f3 Rg5+ 36.Kf1 h5 37.b4 h4 38.a5 h3 39.a6 Rg2 40.a7 Ra2 
41.b5 Rb4 42.Re2 Ra1+ 43.Kf2 Rba4 44.b6 g5 45.Rbe7 Rh1 46.b7 Rxh2+ 47.Kg1 
Rg2+ 48.Kf1 Ra1+ 49.Re1 Rga2 50.b8=Q h2 51.Qe5+ Kg6 52.Qh8 g4 53.fxg4 f5 
54.Qg7# 1-0

[Event "41st Pan-American U20"]
[Site "Guatape COL"]
[Date "2016.06.22"]
[Round "4.11"]
[White "Blandon, Luis Guillermo"]
[Black "Heinechen, Juan"]
[Result "1-0"]
[WhiteElo "2260"]
[BlackElo "2080"]
[EventDate "2016.06.20"]
[PlyCount "65"]

1.e4 c5 2.Nf3 d6 3.d4 cxd4 4.Nxd4 Nf6 5.Nc3 g6 6.Bg5 Bg7 7.Bb5+ Bd7 8.Qe2 
Nc6 9.O-O-O Nxd4 10.Rxd4 O-O 11.e5 dxe5 12.Rxd7 Nxd7 13.Rd1 Qa5 14.Bxd7 e6
15.Be7 a6 16.Bxf8 Bxf8 17.Qf3 Rb8 18.Ba4 Bb4 19.Rd7 Rf8 20.Bb3 Qc5 21.Ne4 
Qb5 22.a4 Qf1+ 23.Rd1 Be1 24.Qe3 Qxg2 25.Rxe1 Qxh2 26.Nd6 e4 27.Nxb7 Rb8 
28.Nc5 h5 29.Nxe4 Qc7 30.Ng5 a5 31.Rd1 Rb4 32.Nxe6 Qc6 33.Rd8+ 1-0

[Event "41st Pan-American U20"]
[Site "Guatape COL"]
[Date "2016.06.22"]
[Round "4.12"]
[White "Suarez Ohiggins, Luis"]
[Black "Gracia Alvarez, Gerardo An"]
[Result "0-1"]
[WhiteElo "1936"]
[BlackElo "2241"]
[EventDate "2016.06.20"]
[PlyCount "88"]

1.d4 Nf6 2.c4 d6 3.Nc3 e5 4.d5 Nbd7 5.e4 Nc5 6.Qc2 a5 7.Nf3 Be7 8.Be2 O-O 
9.O-O Ne8 10.Be3 b6 11.Nd2 f5 12.Bxc5 bxc5 13.exf5 Bxf5 14.Bd3 g6 15.Nde4 
Ng7 16.Ng3 Bd7 17.Rae1 Bg5 18.Nce4 Bh6 19.Qe2 Rb8 20.Bb1 a4 21.Rd1 Rb6 22.
f3 Qh4 23.Rf2 Rfb8 24.Rd3 Rb4 25.Rc3 Kh8 26.Rc2 Bf4 27.Nf1 Qe7 28.g3 Bh6 
29.Nc3 Nf5 30.a3 Nd4 31.Qd1 R4b6 32.Rg2 Nxc2 33.Bxc2 Rxb2 34.Bxa4 Rxg2+ 
35.Kxg2 Rb2+ 36.Kg1 Bh3 37.Ne4 Ra2 38.Nf2 Bxf1 39.Kxf1 Rxa3 40.Bc2 Qf8 41.
Be4 Be3 42.Qc2 Qa8 43.Bxg6 Ra2 44.Qf5 Rxf2+ 0-1

[Event "41st Pan-American U20"]
[Site "Guatape COL"]
[Date "2016.06.22"]
[Round "4.14"]
[White "Zapata Arbelaez, Estiven"]
[Black "Gomez Sanchez, Jorge Marcos"]
[Result "0-1"]
[WhiteElo "2102"]
[BlackElo "2398"]
[EventDate "2016.06.20"]
[PlyCount "84"]

1.d4 c5 2.d5 e5 3.c4 d6 4.e4 g6 5.Nc3 Bg7 6.Bd3 Na6 7.f4 exf4 8.Bxf4 Nf6 
9.Nf3 Nh5 10.Bg5 f6 11.Bh4 Nf4 12.O-O Nxd3 13.Qxd3 O-O 14.Rae1 Nc7 15.Qe3 
Qd7 16.Bg3 a6 17.h4 b5 18.h5 g5 19.e5 dxe5 20.Nxe5 fxe5 21.Rxf8+ Kxf8 22.
h6 Bxh6 23.d6 Bb7 24.dxc7 Qd4 25.Bxe5 Qxe3+ 26.Rxe3 bxc4 27.Na4 g4 28.Bd6+
Kg8 29.Re6 Bg5 30.Bxc5 Rc8 31.Bd6 Kf7 32.Re2 Re8 33.Rc2 Be3+ 34.Kh2 Re6 
35.Bc5 Bf4+ 36.g3 Rh6+ 37.Kg1 Bxg3 38.Kf1 Bxc7 39.Rxc4 Bf3 40.Be3 Rh1+ 41.
Kf2 Rh2+ 42.Kg1 Bg3 0-1

[Event "41st Pan-American U20"]
[Site "Guatape COL"]
[Date "2016.06.22"]
[Round "4.15"]
[White "Ruiz Agudelo, Santiago"]
[Black "Squella Lavin, Carlos Felipe"]
[Result "0-1"]
[WhiteElo "1722"]
[BlackElo "2221"]
[EventDate "2016.06.20"]
[PlyCount "120"]

1.d4 e6 2.c4 Nf6 3.Nf3 d5 4.Nc3 Bb4 5.Qc2 O-O 6.Bg5 Nbd7 7.a3 Be7 8.cxd5 
exd5 9.e3 c5 10.Be2 a6 11.a4 b6 12.O-O Bb7 13.Rfd1 Ne4 14.Bxe7 Qxe7 15.
dxc5 Nxc3 16.Qxc3 bxc5 17.Rab1 d4 18.exd4 Qxe2 19.Re1 Bxf3 20.Rxe2 Bxe2 
21.dxc5 Bg4 22.b4 Rfc8 23.Qd4 Be6 24.Rc1 Rc7 25.c6 Rb8 26.Qd6 Rcc8 27.Re1 
Nf8 28.Rb1 Bf5 29.Rc1 Ne6 30.Re1 Bc2 31.Ra1 Bxa4 32.Rc1 Bxc6 33.h3 Bb5 34.
Re1 Rd8 35.Qe7 Nf4 36.Rb1 Re8 37.Qg5 Nd3 38.Qg3 Rbd8 39.Kh2 Rd4 40.Rd1 
Rxb4 41.Qd6 Ra4 42.Rxd3 Bxd3 43.Qxd3 Rc8 44.Qd7 Rac4 45.Qa7 R4c6 46.Qd4 
Ra8 47.Qd5 Rcc8 48.Qa5 Rcb8 49.Kg3 h6 50.Kh2 Rb5 51.Qa4 Rc5 52.Qe4 Rcc8 
53.Qa4 a5 54.Kg3 Rcb8 55.f4 Rb4 56.Qa3 Rd4 57.Qa1 Rd3+ 58.Kh2 a4 59.Qa2 a3
60.Kg1 Rd2 0-1

[Event "41st Pan-American U20"]
[Site "Guatape COL"]
[Date "2016.06.22"]
[Round "4.16"]
[White "Soto, Miguel Angel"]
[Black "Noboa, Kevin"]
[Result "1-0"]
[WhiteElo "1972"]
[BlackElo "2201"]
[EventDate "2016.06.20"]
[PlyCount "83"]

1.e4 e6 2.d4 d5 3.Nd2 c5 4.exd5 exd5 5.Bb5+ Nc6 6.Ngf3 Bd6 7.dxc5 Bxc5 8.
O-O Ne7 9.Nb3 Bd6 10.Bg5 O-O 11.Bh4 Bg4 12.Be2 Rc8 13.c3 Re8 14.Nfd4 Bxe2 
15.Nxe2 Ne5 16.Ned4 Qd7 17.Bg3 Nc4 18.Qc2 Bxg3 19.hxg3 b5 20.Nd2 b4 21.
Nxc4 Rxc4 22.Rad1 bxc3 23.bxc3 Ng6 24.Nf3 Rec8 25.Rd3 d4 26.Qd1 Rxc3 27.
Rxd4 Qf5 28.Qa4 Qc5 29.Rd7 Ra3 30.Qd1 Rxa2 31.Qb3 Qc4 32.Rd8+ Nf8 33.Qxc4 
Rxc4 34.Re1 g5 35.Ree8 Rc1+ 36.Kh2 Rxf2 37.Rxf8+ Kg7 38.Nxg5 Rf5 39.Rg8+ 
Kh6 40.Nxf7+ Rxf7 41.Rd6+ Kh5 42.g4+ 1-0

[Event "41st Pan-American U20"]
[Site "Guatape COL"]
[Date "2016.06.22"]
[Round "4.17"]
[White "Ostrovskiy, Aleksandr A"]
[Black "Cotto Mux, Hector Vinicio"]
[Result "1-0"]
[WhiteElo "2390"]
[BlackElo "1939"]
[EventDate "2016.06.20"]
[PlyCount "57"]

1.e4 c5 2.Nf3 d6 3.Bb5+ Nc6 4.O-O Bd7 5.Re1 e6 6.c3 Ne5 7.Bf1 Ng6 8.d4 Nf6
9.dxc5 dxc5 10.e5 Nd5 11.g3 Be7 12.h4 h6 13.c4 Nb4 14.h5 Nf8 15.a3 Na6 16.
Nc3 Bc6 17.Qe2 Nd7 18.Bf4 Qb6 19.Rad1 Nc7 20.Ne4 Bxe4 21.Qxe4 O-O-O 22.Be3
g5 23.hxg6 fxg6 24.Qxg6 Qxb2 25.Rb1 Qc3 26.Qe4 Nb6 27.Bd2 Rxd2 28.Nxd2 
Qxd2 29.Bg2 1-0

[Event "41st Pan-American U20"]
[Site "Guatape COL"]
[Date "2016.06.22"]
[Round "4.19"]
[White "Filipps, Yamil"]
[Black "Acevedo Del Rio, Andres F"]
[Result "1-0"]
[WhiteElo "2164"]
[BlackElo "1835"]
[EventDate "2016.06.20"]
[PlyCount "59"]

1.d4 Nf6 2.Nf3 e6 3.Bf4 c5 4.e3 Qb6 5.Nc3 cxd4 6.Qxd4 Bb4 7.O-O-O Nc6 8.
Qxb6 axb6 9.Nb5 Rxa2 10.Kb1 Ra5 11.c3 Be7 12.b4 Ra4 13.Bd3 O-O 14.Bc2 Ra8 
15.Nc7 Ra7 16.Nb5 Ra8 17.Nc7 Ra7 18.e4 Ne8 19.Nb5 Ra8 20.Rd2 d5 21.exd5 
exd5 22.Rxd5 Be6 23.Rd2 Bc4 24.Nbd4 Ra3 25.Nxc6 bxc6 26.Ne5 Nd6 27.Rxd6 
Ba2+ 28.Kb2 Rfa8 29.Rdd1 Bb1 30.Bxb1 1-0

[Event "41st Pan-American U20"]
[Site "Guatape COL"]
[Date "2016.06.22"]
[Round "4.20"]
[White "Rosero, Jefferson"]
[Black "Correa, Daniel"]
[Result "1-0"]
[WhiteElo "2090"]
[BlackElo "1716"]
[EventDate "2016.06.20"]
[PlyCount "59"]

1.e4 c5 2.Nf3 d6 3.d4 cxd4 4.Nxd4 Nf6 5.Nc3 g6 6.Be3 Bg7 7.f3 O-O 8.Qd2 
Nc6 9.O-O-O Bd7 10.Kb1 a6 11.g4 Rc8 12.g5 Nh5 13.Nce2 Ne5 14.Ng3 Nc4 15.
Bxc4 Rxc4 16.b3 Rc7 17.Nxh5 gxh5 18.Nf5 Bxf5 19.exf5 Rc6 20.Rhg1 Qd7 21.f6
Bh8 22.Qd3 e6 23.Rg3 Rfc8 24.c4 e5 25.Qe4 R8c7 26.f4 exf4 27.Bxf4 Rc8 28.
Re3 R6c7 29.Qd5 Qg4 30.Rde1 1-0

[Event "41st Pan-American U20"]
[Site "Guatape COL"]
[Date "2016.06.22"]
[Round "4.21"]
[White "Calero, Hector Andres"]
[Black "Posada, Juan Manuel"]
[Result "1/2-1/2"]
[WhiteElo "1845"]
[BlackElo "2041"]
[EventDate "2016.06.20"]
[PlyCount "61"]

1.e4 c5 2.Nf3 Nf6 3.Nc3 d6 4.d4 cxd4 5.Nxd4 a6 6.f3 e5 7.Nb3 Be6 8.Be3 Be7
9.Qd2 h5 10.O-O-O Nbd7 11.Kb1 Rc8 12.h4 b5 13.Nd5 Bxd5 14.exd5 Nb6 15.Bxb6
Qxb6 16.Na5 Nxd5 17.Qxd5 Qxa5 18.c4 O-O 19.cxb5 axb5 20.Qxb5 Qa7 21.Bc4 
Rb8 22.Qd5 Bf6 23.Qe4 Rfc8 24.Rd2 Bd8 25.Bb3 Bb6 26.Rxd6 Bd4 27.Qd5 Qc7 
28.Rd7 Qc2+ 29.Bxc2 Rxb2+ 30.Kc1 Rcxc2+ 31.Kd1 1/2-1/2

[Event "41st Pan-American U20"]
[Site "Guatape COL"]
[Date "2016.06.22"]
[Round "4.22"]
[White "Fernandez, Nelson Wilfredo"]
[Black "Salcedo, Pablo Esteban"]
[Result "0-1"]
[WhiteElo "1814"]
[BlackElo "2035"]
[EventDate "2016.06.20"]
[PlyCount "40"]

1.e4 c5 2.Nf3 d6 3.Bb5+ Bd7 4.a4 Nc6 5.c3 Nf6 6.d3 e6 7.O-O Be7 8.Re1 a6 
9.Bc4 d5 10.Bb3 dxe4 11.dxe4 e5 12.Nbd2 O-O 13.Nc4 Qc7 14.Bg5 Rad8 15.Qe2 
Be6 16.Bc2 b5 17.Ne3 c4 18.Nf5 Bxf5 19.exf5 Rfe8 20.Nxe5 Nxe5 0-1

[Event "41st Pan-American U20"]
[Site "Guatape COL"]
[Date "2016.06.22"]
[Round "4.23"]
[White "Echeverry, Jose Miguel"]
[Black "Olarte Parra, Jhoan Sebastian"]
[Result "0-1"]
[WhiteElo "1807"]
[BlackElo "2001"]
[EventDate "2016.06.20"]
[PlyCount "34"]

1.e4 c6 2.d4 d5 3.e5 Bf5 4.h4 h5 5.c4 e6 6.Nc3 a6 7.Bd3 Bxd3 8.Qxd3 dxc4 
9.Qxc4 b5 10.Qd3 Nd7 11.Nf3 Nh6 12.Bg5 Qb6 13.O-O Nf5 14.d5 cxd5 15.Nxd5 
Qb7 16.Rad1 Qxd5 17.Qe2 Qb7 0-1

[Event "41st Pan-American U20"]
[Site "Guatape COL"]
[Date "2016.06.22"]
[Round "4.24"]
[White "Benjumea Rave, Jaime Stiden"]
[Black "Yepez, Yeison Alexander"]
[Result "0-1"]
[WhiteElo "1775"]
[BlackElo "1968"]
[EventDate "2016.06.20"]
[PlyCount "40"]

1.d4 d5 2.c4 e6 3.Nf3 Nf6 4.g3 Be7 5.Bg2 O-O 6.Nc3 Nbd7 7.O-O Nb6 8.c5 
Nbd7 9.Qc2 c6 10.Nd2 b6 11.Na4 bxc5 12.Nxc5 Nxc5 13.dxc5 Ba6 14.Nb3 Nd7 
15.Nd4 Bxc5 16.Qa4 Qb6 17.Qxc6 Bxd4 18.Qxd7 Bxe2 19.Bf4 Bxf1 20.Rxf1 Qxb2 
0-1

[Event "41st Pan-American U20"]
[Site "Guatape COL"]
[Date "2016.06.22"]
[Round "4.25"]
[White "Castano Orrego, Simon"]
[Black "Gomez Morales, Juan Sebastian"]
[Result "0-1"]
[WhiteElo "1687"]
[BlackElo "1729"]
[EventDate "2016.06.20"]
[PlyCount "52"]

1.e4 c5 2.Nf3 Nc6 3.d4 cxd4 4.Nxd4 Nf6 5.Nc3 g6 6.Be3 Bg7 7.Nxc6 bxc6 8.e5
Ng8 9.f4 Nh6 10.Bd3 O-O 11.O-O Qa5 12.h3 d6 13.exd6 exd6 14.Qd2 Bf5 15.
Rab1 d5 16.b4 Qc7 17.b5 d4 18.Bxd4 Bxd4+ 19.Kh1 Bxd3 20.Qxd3 Nf5 21.g4 
Bxc3 22.gxf5 cxb5 23.fxg6 fxg6 24.Rxb5 Qc6+ 25.Kh2 Rad8 26.Qe2 Rd2 0-1